[Event "World Junior Chess Championship U18 g"]
[Site "Gaziantep"]
[Date "2008.08.05"]
[Round "4.20"]
[White "Sgircea, Silvia-Raluca"]
[Black "Bayrak, Asli"]
[Result "1-0"]
[WhiteElo "2167"]
[BlackElo "2013"]
[PlyCount "155"]
[EventDate "2008.08.??"]
[EventType "swiss"]
[EventRounds "13"]
[EventCountry "TUR"]

1. Nf3 d5 2. c4 dxc4 3. Qa4+ c6 4. Qxc4 Nf6 5. e3 e6 6. d4 Be7 7. Bd3 b5 8. Qc2
a5 9. Ne5 Qb6 10. Nc3 Ba6 11. Qe2 O-O 12. O-O b4 13. Na4 Bxd3 14. Nxd3 Qb5 15.
b3 Na6 16. Bb2 Nd7 17. Rfd1 Bf6 18. Rac1 c5 19. dxc5 Bxb2 20. Qxb2 Rac8 21. Qd4
h6 22. Nxb4 Naxc5 23. Nxc5 Nxc5 24. Nc2 Na6 25. Na3 Qb8 26. Rxc8 Rxc8 27. Nc4
Nb4 28. a3 Nc6 29. Qb2 Rd8 30. Rxd8+ Qxd8 31. Qd2 Qf6 32. h3 Qf5 33. Qd7 Ne5
34. Qe8+ Kh7 35. Nxe5 Qxe5 36. Qxf7 a4 37. bxa4 Qa1+ 38. Kh2 Qxa3 39. Qd7 Qa2
40. Qd3+ Kh8 41. Qd8+ Kh7 42. a5 Qxf2 43. Qd3+ Kh8 44. a6 Qb2 45. Qd8+ Kh7 46.
Qd4 Qb8+ 47. Qf4 Qb6 48. Qe4+ Kh8 49. Qb7 Qd6+ 50. Kg1 Qd1+ 51. Kf2 Qd2+ 52.
Kf3 Qd1+ 53. Ke4 Qc2+ 54. Ke5 Qc5+ 55. Kf4 Qf5+ 56. Kg3 Qg5+ 57. Kf2 Qh4+ 58.
Kf3 Qh5+ 59. Ke4 Qf5+ 60. Kd4 e5+ 61. Kc3 Qf2 62. Qb8+ Kh7 63. Qxe5 Qe1+ 64.
Kb3 Qb1+ 65. Ka4 Qa2+ 66. Kb5 Qb3+ 67. Kc5 Qc2+ 68. Kb6 Qb1+ 69. Ka7 Qd3 70. e4
Qd7+ 71. Kb6 Qd8+ 72. Kb7 Qd7+ 73. Qc7 Qb5+ 74. Ka7 Qd3 75. e5 Kg8 76. e6 Qe3+
77. Qb6 Qe4 78. Qd8+ 1-0

[Event "World Junior Chess Championship U18 g"]
[Site "Gaziantep"]
[Date "2008.08.05"]
[Round "4.21"]
[White "Albano, Jeremias Bianca"]
[Black "Toth, Sarolta"]
[Result "1-0"]
[WhiteElo "1990"]
[BlackElo "2151"]
[PlyCount "89"]
[EventDate "2008.08.??"]
[EventType "swiss"]
[EventRounds "13"]
[EventCountry "TUR"]

1. e4 c5 2. Nf3 e6 3. b3 d6 4. Bb2 Nf6 5. Bb5+ Bd7 6. Bxd7+ Nbxd7 7. Qe2 Be7 8.
O-O O-O 9. c4 a6 10. d4 cxd4 11. Nxd4 Qc7 12. Nc3 Ne5 13. Kh1 Nc6 14. Nc2 Rab8
15. f4 Qa5 16. a3 Qh5 17. Rf3 Qa5 18. b4 Qc7 19. Rd1 Rfd8 20. Ne3 Rbc8 21. Rg3
Nb8 22. Ncd5 exd5 23. Bxf6 Bxf6 24. Nxd5 Qxc4 25. Nxf6+ Kh8 26. Qg4 g6 27. Rh3
Kg7 28. Qg5 Rh8 29. Nh5+ Kf8 30. Qf6 Qe6 31. Qxh8+ Ke7 32. Qxh7 Qg4 33. Rf1
gxh5 34. Rxh5 Rc2 35. Rg5 Qe2 36. Rg1 Nd7 37. Rg7 Qc4 38. h3 Nf6 39. Qf5 Qd3
40. Qg6 Qc4 41. e5 dxe5 42. fxe5 Ne4 43. Qf5 Rf2 44. Qg4 Qd3 45. Re1 1-0

[Event "World Junior Chess Championship U18 g"]
[Site "Gaziantep"]
[Date "2008.08.05"]
[Round "4.22"]
[White "Hamrakulova, Yulduz"]
[Black "Hegarty, Sarah"]
[Result "0-1"]
[WhiteElo "2145"]
[BlackElo "1966"]
[PlyCount "72"]
[EventDate "2008.08.??"]
[EventType "swiss"]
[EventRounds "13"]
[EventCountry "TUR"]

1. Nf3 Nf6 2. d4 g6 3. c4 Bg7 4. Nc3 d5 5. e3 O-O 6. Be2 c5 7. O-O cxd4 8. exd4
Nc6 9. Ne5 dxc4 10. Nxc6 bxc6 11. Bxc4 Qd6 12. Ne2 Nd5 13. Bg5 Re8 14. Qd2 Bb7
15. Rad1 Rad8 16. Rfe1 Qc7 17. Qc2 Bc8 18. Bb3 Ba6 19. Ng3 h6 20. Bc1 e6 21.
Ne4 Nb4 22. Qc3 Qb6 23. Be3 Nd5 24. Qc2 Nb4 25. Qc3 Nd5 26. Qc1 Nb4 27. d5 Qa5
28. dxe6 fxe6 29. Rxd8 Rxd8 30. Nc5 Kh7 31. Bxe6 Nc2 32. Rd1 Rxd1+ 33. Qxd1
Nxe3 34. Qc1 Nd5 35. h4 Nf4 36. Qxf4 Qe1+ 0-1

[Event "World Junior Chess Championship U18 g"]
[Site "Gaziantep"]
[Date "2008.08.05"]
[Round "4.23"]
[White "Wiid, Daleen"]
[Black "Tjolsen, Katrine"]
[Result "0-1"]
[WhiteElo "1931"]
[BlackElo "2121"]
[PlyCount "74"]
[EventDate "2008.08.??"]
[EventType "swiss"]
[EventRounds "13"]
[EventCountry "TUR"]

1. e4 c5 2. Nf3 Nc6 3. d4 cxd4 4. Nxd4 Nf6 5. Nc3 e5 6. Ndb5 d6 7. Bg5 a6 8.
Na3 b5 9. Nd5 Be7 10. Bxf6 Bxf6 11. c3 Bg5 12. Nc2 O-O 13. a4 bxa4 14. Rxa4 a5
15. Bc4 Rb8 16. b3 Kh8 17. Nce3 g6 18. O-O f5 19. Qf3 Be6 20. Rb1 Qd7 21. Ra2
f4 22. Nc2 Bd8 23. Qe2 f3 24. gxf3 Bg5 25. Ne1 Bxd5 26. Bxd5 Bf4 27. Nd3 Ne7
28. Kg2 Nxd5 29. exd5 Rf5 30. Nxf4 Rxf4 31. Rab2 Rh4 32. Rh1 Qh3+ 33. Kg1 Rh5
34. Qe3 a4 35. b4 a3 36. Rd2 Qf5 37. Qe4 Qg5+ 0-1

[Event "World Junior Chess Championship U18 g"]
[Site "Gaziantep"]
[Date "2008.08.05"]
[Round "4.24"]
[White "Eric, Jovena"]
[Black "Acar, Gizem"]
[Result "1-0"]
[WhiteElo "2111"]
[BlackElo "1931"]
[PlyCount "75"]
[EventDate "2008.08.??"]
[EventType "swiss"]
[EventRounds "13"]
[EventCountry "TUR"]

1. e4 c6 2. d4 d5 3. e5 Bf5 4. Be3 e6 5. Nd2 Nd7 6. c3 Qb6 7. b4 f6 8. Be2 Ne7
9. Nb3 Bg6 10. Bg4 Nf5 11. Bxf5 Bxf5 12. Ne2 O-O-O 13. a4 Qc7 14. f4 g5 15.
exf6 g4 16. Qd2 Nxf6 17. O-O-O h5 18. Kb2 h4 19. Nc5 b6 20. Nd3 Ne4 21. Qc1 Rh7
22. Ne5 a5 23. Ka2 c5 24. dxc5 bxc5 25. bxc5 Nxc5 26. Nd4 Nxa4 27. Ndc6 Bd6 28.
Na7+ Kb8 29. Nec6+ Ka8 30. c4 Re8 31. c5 Bf8 32. Qa3 Bc2 33. Rc1 Nxc5 34. Bxc5
Bxc5 35. Qxc5 Bd3 36. Nb5 Qxf4 37. Nc3 Qd2+ 38. Ka1 1-0

[Event "World Junior Chess Championship U18 g"]
[Site "Gaziantep"]
[Date "2008.08.05"]
[Round "4.25"]
[White "Bukovec, Tina"]
[Black "Berke, Ana"]
[Result "0-1"]
[WhiteElo "1929"]
[BlackElo "2100"]
[PlyCount "52"]
[EventDate "2008.08.??"]
[EventType "swiss"]
[EventRounds "13"]
[EventCountry "TUR"]

1. e4 c5 2. c3 Nf6 3. e5 Nd5 4. Nf3 Nc6 5. d4 cxd4 6. cxd4 e6 7. Bc4 d6 8. Qe2
Be7 9. O-O O-O 10. Bb3 a6 11. Nc3 dxe5 12. dxe5 Nxc3 13. bxc3 Qc7 14. Rd1 b5
15. Qe4 Bb7 16. Bc2 g6 17. Qe2 Na5 18. Bh6 Bxf3 19. Qxf3 Rfd8 20. Qg3 Rac8 21.
Rd3 Rxd3 22. Bxd3 Nc4 23. Bxc4 Qxc4 24. Bd2 Rd8 25. Rd1 Qe2 26. Qf3 Rxd2 0-1

[Event "World Junior Chess Championship U18 g"]
[Site "Gaziantep"]
[Date "2008.08.05"]
[Round "4.26"]
[White "Shamima, Akter"]
[Black "Misovic, Sanja"]
[Result "1-0"]
[WhiteElo "2099"]
[BlackElo "1914"]
[PlyCount "49"]
[EventDate "2008.08.??"]
[EventType "swiss"]
[EventRounds "13"]
[EventCountry "TUR"]

1. d4 Nf6 2. c4 e6 3. Nc3 Bb4 4. f3 d5 5. a3 Bxc3+ 6. bxc3 c5 7. cxd5 exd5 8.
e3 Qc7 9. Ne2 Bf5 10. g4 Bg6 11. Nf4 cxd4 12. cxd4 Bc2 13. Qd2 Nbd7 14. g5 Ng8
15. Nxd5 Qd6 16. Nc3 Bg6 17. Nb5 Qb6 18. a4 Rc8 19. a5 Qc6 20. d5 Qc2 21. Nd6+
Kd8 22. Nxc8 Qxc8 23. Bb2 f6 24. Rc1 Qb8 25. d6 1-0

[Event "World Junior Chess Championship U18 g"]
[Site "Gaziantep"]
[Date "2008.08.05"]
[Round "4.27"]
[White "Ikonomopoulou, Maria"]
[Black "Antonova, Nadezhda"]
[Result "1-0"]
[WhiteElo "2074"]
[BlackElo "1883"]
[PlyCount "76"]
[EventDate "2008.08.??"]
[EventType "swiss"]
[EventRounds "13"]
[EventCountry "TUR"]

1. e4 c5 2. Nf3 e6 3. d4 cxd4 4. Nxd4 Nf6 5. Nc3 d6 6. g4 h6 7. h3 Nc6 8. Bg2
a6 9. Be3 Bd7 10. Qe2 Qc7 11. f4 Nxd4 12. Bxd4 Bc6 13. O-O-O O-O-O 14. Qf2 Nd7
15. Kb1 Rg8 16. g5 g6 17. h4 Re8 18. h5 e5 19. Be3 Kb8 20. hxg6 Rxg6 21. f5
Rxg5 22. Bxg5 hxg5 23. Qd2 Qd8 24. Rh7 Qe7 25. Rh3 g4 26. Rg3 Qh4 27. Ne2 Qe7
28. Rxg4 Nf6 29. Rh4 Rc8 30. Rdh1 Qc7 31. Nc3 b5 32. Rh8 Qb6 33. Nd5 Bxd5 34.
exd5 Qd4 35. Qg5 Qc5 36. Rc1 Nd7 37. Rh7 Nb6 38. Qf6 Nc4 {...} 1-0

[Event "World Junior Chess Championship U18 g"]
[Site "Gaziantep"]
[Date "2008.08.05"]
[Round "4.28"]
[White "Anton, Sarah"]
[Black "Middelveld, Martine"]
[Result "0-1"]
[WhiteElo "1681"]
[BlackElo "2073"]
[PlyCount "72"]
[EventDate "2008.08.??"]
[EventType "swiss"]
[EventRounds "13"]
[EventCountry "TUR"]

1. e4 e6 2. d4 d5 3. Nc3 Nf6 4. Bg5 Be7 5. e5 Nfd7 6. h4 O-O 7. Qg4 f5 8. Qg3
c5 9. Nb5 Nc6 10. Nf3 Kh8 11. O-O-O a6 12. Bxe7 Qxe7 13. Nd6 cxd4 14. Bd3 Nc5
15. a3 b5 16. Qg5 Qxg5+ 17. hxg5 g6 18. Rh6 Kg7 19. Rdh1 Rh8 20. Ne8+ Rxe8 21.
Rxh7+ Kf8 22. Rc7 Bd7 23. Nxd4 Nxd4 24. Rxc5 Kg7 25. Rc7 Re7 26. c3 Nc6 27. f4
Be8 28. Rxe7+ Nxe7 29. Kd2 Bc6 30. Bf1 Rd8 31. Rh3 d4 32. c4 bxc4 33. Bxc4 Nd5
34. Bxd5 Bxd5 35. g3 Be4 36. Rh1 Bxh1 0-1

[Event "World Junior Chess Championship U18 g"]
[Site "Gaziantep"]
[Date "2008.08.05"]
[Round "4.29"]
[White "Chierici, Marianna"]
[Black "Karayaylali, Pinar"]
[Result "1-0"]
[WhiteElo "2037"]
[BlackElo "1597"]
[PlyCount "75"]
[EventDate "2008.08.??"]
[EventType "swiss"]
[EventRounds "13"]
[EventCountry "TUR"]

1. e4 e6 2. d3 d5 3. Nd2 Nf6 4. g3 b6 5. Bg2 Bb7 6. e5 Nfd7 7. f4 Be7 8. Ngf3
O-O 9. h4 c5 10. Ng5 Nc6 11. Qh5 h6 12. c3 Qc7 13. Ndf3 d4 14. Kf2 b5 15. Bd2
dxc3 16. bxc3 c4 17. d4 b4 18. Bh3 Nd8 19. cxb4 c3 20. Rac1 Bxb4 21. a3 Ba5 22.
g4 Qc4 23. f5 Qa2 24. Ra1 Qb2 25. Rhb1 Qc2 26. Rc1 Qb2 27. Rab1 Qa2 28. f6 cxd2
29. Rd1 Rc8 30. fxg7 Kxg7 31. Nh7 Kxh7 32. g5 Rc1 33. Qxh6+ Kg8 34. g6 fxg6 35.
Qxg6+ Kh8 36. Qh6+ Kg8 37. Qg6+ Kh8 38. Qh5+ 1-0

[Event "World Junior Chess Championship U18 g"]
[Site "Gaziantep"]
[Date "2008.08.05"]
[Round "4.30"]
[White "Boyarchenko, Marie"]
[Black "Davletbazeva, Madina"]
[Result "0-1"]
[WhiteElo "1895"]
[BlackElo "2155"]
[PlyCount "68"]
[EventDate "2008.08.??"]
[EventType "swiss"]
[EventRounds "13"]
[EventCountry "TUR"]

1. e4 Nf6 2. e5 Nd5 3. c4 Nb6 4. c5 Nd5 5. Bc4 e6 6. d4 b6 7. cxb6 axb6 8. Bxd5
exd5 9. Nc3 d6 10. Nf3 dxe5 11. Nxe5 Be7 12. O-O O-O 13. f4 Bb7 14. Qg4 Nc6 15.
Nxc6 Bxc6 16. f5 Bf6 17. Rf3 Re8 18. Bd2 b5 19. b4 Re4 20. Qg3 Bxd4+ 21. Kh1
Be5 22. Bf4 Rxf4 23. Rxf4 Ra3 24. Rc1 d4 25. f6 g6 26. Rd1 Bxf4 27. Qxf4 Rxc3
28. Rf1 Rc2 29. Rf2 Rxf2 30. Qxf2 d3 31. Qd2 Qxf6 32. Kg1 Qd4+ 33. Kf1 Qe4 34.
a3 Qxg2+ 0-1

[Event "World Junior Chess Championship U18 g"]
[Site "Gaziantep"]
[Date "2008.08.05"]
[Round "4.31"]
[White "Garcia, Liria Caetano"]
[Black "Efroimski, Marsel"]
[Result "0-1"]
[WhiteElo "1792"]
[BlackElo "2091"]
[PlyCount "136"]
[EventDate "2008.08.??"]
[EventType "swiss"]
[EventRounds "13"]
[EventCountry "TUR"]

1. d4 Nf6 2. c4 g6 3. Nc3 d5 4. Nf3 Bg7 5. Bf4 c5 6. e3 Nc6 7. dxc5 Qa5 8. Rc1
Ne4 9. Nd4 e5 10. Nb3 Nxc3 11. bxc3 Qxa2 12. Bg3 d4 13. exd4 exd4 14. Bd3 O-O
15. O-O dxc3 16. Ra1 c2 17. Rxa2 cxd1=Q 18. Rxd1 Nb4 19. Ra4 Nxd3 20. Rxd3 Re8
21. h3 Re1+ 22. Kh2 Bf5 23. Rd2 Bc3 24. Rd6 Bc2 25. Ra3 Bb4 26. Ra4 a5 27. f3
Ree8 28. Rxb4 axb4 29. Nd4 Ra2 30. Rb6 Bd3 31. Kg1 Rb2 32. Rxb7 Bxc4 33. c6
Rb1+ 34. Kh2 Bd5 35. Rb6 Bxc6 36. Nxc6 b3 37. Na5 Rb2 38. Rxb3 Rc2 39. Bd6 Ree2
40. Kg3 Rxg2+ 41. Kf4 f6 42. Be7 Kf7 43. Re3 Rb2 44. Nc4 g5+ 45. Ke4 Kxe7 46.
Kf5+ Kf7 47. Nd6+ Kg7 48. Ne8+ Kh6 49. Nd6 Rbe2 50. Rc3 Rc2 51. Rb3 Rb2 52. Ra3
Ra2 53. Rb3 Rgb2 54. Rc3 Rc2 55. Rb3 Rcb2 56. Rc3 Ra6 57. Rd3 Rbb6 58. Ne8 Ra5+
59. Kg4 Re5 60. Nd6 Rb4+ 61. Kg3 Kg6 62. Rc3 Rd4 63. Nb7 Re2 64. Rc6 h5 65. h4
Rxh4 66. Rc3 Rf4 67. Nc5 h4+ 68. Kh3 Rf2 0-1

[Event "World Junior Chess Championship U18 g"]
[Site "Gaziantep"]
[Date "2008.08.06"]
[Round "5.1"]
[White "Abrahamyan, Tatev"]
[Black "Harika, Dronavalli"]
[Result "1/2-1/2"]
[WhiteElo "2277"]
[BlackElo "2461"]
[PlyCount "48"]
[EventDate "2008.08.??"]
[EventType "swiss"]
[EventRounds "13"]
[EventCountry "TUR"]

1. e4 c5 2. Nf3 d6 3. d4 cxd4 4. Nxd4 Nf6 5. Nc3 a6 6. Be3 e5 7. Nb3 Be6 8. f3
Be7 9. Qd2 O-O 10. O-O-O Nbd7 11. g4 b5 12. g5 b4 13. Ne2 Ne8 14. Ng3 a5 15.
Kb1 a4 16. Nc1 b3 17. cxb3 axb3 18. a3 Qc8 19. h4 Bd8 20. h5 Bb6 21. Bxb6 Nxb6
22. Rh2 Ra4 23. Bd3 Qc5 24. Nf5 Bxf5 1/2-1/2

[Event "World Junior Chess Championship U18 g"]
[Site "Gaziantep"]
[Date "2008.08.06"]
[Round "5.2"]
[White "Gomes, Mary Ann"]
[Black "Muzychuk, Mariya"]
[Result "1/2-1/2"]
[WhiteElo "2316"]
[BlackElo "2413"]
[PlyCount "76"]
[EventDate "2008.08.??"]
[EventType "swiss"]
[EventRounds "13"]
[EventCountry "TUR"]

1. Nf3 f5 2. d3 Nc6 3. e4 e5 4. Nc3 Nf6 5. exf5 d5 6. d4 e4 7. Ne5 Bxf5 8. Bb5
Qd6 9. Bf4 Qe6 10. h3 Bb4 11. Qd2 a6 12. Bxc6+ bxc6 13. a3 Be7 14. Na4 Nd7 15.
Qc3 Nxe5 16. Bxe5 O-O 17. Bxc7 Qh6 18. Bg3 Bg5 19. O-O Bd2 20. Qc5 Rf6 21. c4
dxc4 22. Qxc4+ Kh8 23. d5 cxd5 24. Qxd5 Raf8 25. Nc3 e3 26. fxe3 Qxe3+ 27. Kh2
Bxc3 28. bxc3 h5 29. Rf3 Qg5 30. Raf1 Qg6 31. Qd2 Kh7 32. c4 Be4 33. Rxf6 Rxf6
34. Re1 Bc6 35. c5 Rf5 36. Qd6 Rf6 37. Qd2 Rf5 38. Qd6 Rf6 1/2-1/2

[Event "World Junior Chess Championship U18 g"]
[Site "Gaziantep"]
[Date "2008.08.06"]
[Round "5.3"]
[White "Dauletova, Gulmira"]
[Black "Hoolt, Sarah"]
[Result "1/2-1/2"]
[WhiteElo "2267"]
[BlackElo "2298"]
[PlyCount "112"]
[EventDate "2008.08.??"]
[EventType "swiss"]
[EventRounds "13"]
[EventCountry "TUR"]

1. e4 c5 2. Nf3 Nc6 3. d4 cxd4 4. Nxd4 e6 5. Nxc6 bxc6 6. Bd3 Nf6 7. O-O Qc7 8.
Qe2 d5 9. Nd2 Be7 10. Re1 O-O 11. e5 Nd7 12. c3 a5 13. Nf3 Nc5 14. Bc2 Ba6 15.
Qe3 Rae8 16. Nd4 f5 17. b4 axb4 18. cxb4 Ne4 19. Nxe6 Qxe5 20. Bxe4 fxe4 21.
Nxf8 Qxa1 22. Bd2 Qxa2 23. Nd7 Qc2 24. Bc3 Qd3 25. Nc5 Qxe3 26. fxe3 Bc4 27.
Ra1 Bd6 28. Ra7 Re7 29. Ra8+ Kf7 30. g3 Be5 31. Bxe5 Rxe5 32. Nb7 Kg6 33. Na5
Re6 34. Nxc4 dxc4 35. Ra1 c5 36. bxc5 Rc6 37. Kf2 Rxc5 38. Ke2 c3 39. Rc1 Kf5
40. h3 Ke5 41. Ra1 c2 42. Kd2 Kd5 43. Kc1 Rc3 44. Ra7 g5 45. Ra5+ Rc5 46. Ra7
h6 47. Rd7+ Ke6 48. Rh7 Rc3 49. Rxh6+ Kf5 50. g4+ Ke5 51. Rg6 Rxe3 52. Rxg5+
Kf4 53. Rf5+ Kg3 54. Kxc2 Kxh3 55. Kd2 Ra3 56. Re5 Kxg4 1/2-1/2

[Event "World Junior Chess Championship U18 g"]
[Site "Gaziantep"]
[Date "2008.08.06"]
[Round "5.4"]
[White "Nikolova, Adriana"]
[Black "Mikadze, Miranda"]
[Result "1/2-1/2"]
[WhiteElo "2242"]
[BlackElo "2258"]
[PlyCount "149"]
[EventDate "2008.08.??"]
[EventType "swiss"]
[EventRounds "13"]
[EventCountry "TUR"]

1. e4 d5 2. exd5 Qxd5 3. Nc3 Qd8 4. Bc4 Nf6 5. Nge2 a6 6. a4 c5 7. d4 cxd4 8.
Qxd4 Bd7 9. Be3 e6 10. Rd1 Nc6 11. Qb6 Qc8 12. Ba2 Nb4 13. Bb3 Be7 14. Bf4 Bc6
15. O-O Nbd5 16. Nxd5 Nxd5 17. Bxd5 Bxd5 18. Bd6 Qc6 19. Qxc6+ Bxc6 20. a5 Bf6
21. Nd4 Bd5 22. Rfe1 O-O-O 23. Bc5 Kb8 24. c3 g6 25. b4 Bc4 26. Bb6 Rd5 27. h3
Bd8 28. Bc5 Bc7 29. Ra1 e5 30. Nf3 f6 31. Re4 Bd3 32. Re3 e4 33. c4 Rd7 34. Rd1
Kc8 35. g3 f5 36. Ng5 Bxc4 37. Rxd7 Kxd7 38. h4 Bd6 39. Bd4 Rc8 40. Nxh7 Bxb4
41. g4 Bd3 42. Nf6+ Ke6 43. gxf5+ gxf5 44. Nh5 Kd5 45. Bb2 Rc2 46. Nf4+ Kc4 47.
Be5 Bc3 48. Bxc3 Rxc3 49. h5 Kb5 50. h6 Rc7 51. Nxd3 exd3 52. Rxd3 Kxa5 53. Rh3
Rh7 54. Kg2 b5 55. Kf3 b4 56. Kf4 Ka4 57. Kxf5 b3 58. Kg6 b2 59. Rh1 Rh8 60. f4
a5 61. f5 Kb3 62. h7 a4 63. Kg7 Rc8 64. h8=Q Rxh8 65. Kxh8 a3 66. f6 a2 67. f7
a1=Q 68. Rxa1 bxa1=Q+ 69. Kg8 Qg1+ 70. Kh8 Qh2+ 71. Kg7 Qe5+ 72. Kg8 Qg5+ 73.
Kh8 Qf6+ 74. Kg8 Qg6+ 75. Kh8 1/2-1/2

[Event "World Junior Chess Championship U18 g"]
[Site "Gaziantep"]
[Date "2008.08.06"]
[Round "5.5"]
[White "Isgandarova, Khayala"]
[Black "Padmini, Rout"]
[Result "1/2-1/2"]
[WhiteElo "2207"]
[BlackElo "2257"]
[PlyCount "99"]
[EventDate "2008.08.??"]
[EventType "swiss"]
[EventRounds "13"]
[EventCountry "TUR"]

1. e4 c5 2. Nf3 d6 3. d4 cxd4 4. Nxd4 Nf6 5. Nc3 a6 6. Be2 e5 7. Nb3 Be7 8. O-O
O-O 9. Kh1 b6 10. Be3 Bb7 11. f3 b5 12. Qe1 Nbd7 13. Rd1 Rc8 14. a3 Qc7 15. Qf2
h6 16. Nc1 Qb8 17. g4 Qa8 18. g5 hxg5 19. Bxg5 Rxc3 20. Bxf6 Rxf3 21. Bxf3 Nxf6
22. Qg2 Nxe4 23. Nb3 a5 24. Nxa5 Qxa5 25. Bxe4 Bxe4 26. Qxe4 Qc7 27. Rf3 g6 28.
Rc3 Qb6 29. Qc6 Qb8 30. Rb3 Qc8 31. Qxc8 Rxc8 32. Rc3 Rb8 33. Rc7 Kf8 34. Rd3
e4 35. Rb3 d5 36. Rd7 Rc8 37. Rc3 Rxc3 38. bxc3 Bxa3 39. Rxd5 Bb2 40. Rxb5 Bxc3
41. Rc5 Bb2 42. Rc4 f5 43. Kg2 Kf7 44. Rc7+ Kf6 45. Rc6+ Kf7 46. Ra6 Bc3 47. h3
g5 48. Rc6 Bd4 49. Rc4 Bb2 50. Rc6 1/2-1/2

[Event "World Junior Chess Championship U18 g"]
[Site "Gaziantep"]
[Date "2008.08.06"]
[Round "5.6"]
[White "Ozturk, Kubra"]
[Black "Ivakhinova, Inna"]
[Result "1/2-1/2"]
[WhiteElo "2188"]
[BlackElo "2248"]
[PlyCount "75"]
[EventDate "2008.08.??"]
[EventType "swiss"]
[EventRounds "13"]
[EventCountry "TUR"]

1. c4 c5 2. Nf3 Nc6 3. d4 cxd4 4. Nxd4 Nf6 5. g3 Qb6 6. e3 d5 7. cxd5 Nxd4 8.
Qxd4 Qxd4 9. exd4 Nxd5 10. Bg2 e6 11. O-O Bb4 12. Bd2 Bxd2 13. Nxd2 Bd7 14.
Rac1 Rc8 15. Nc4 O-O 16. Bxd5 exd5 17. Nd6 Rxc1 18. Rxc1 Bc6 19. b4 a6 20. Rc5
Rd8 21. Nf5 Kf8 22. Ne3 Ke7 23. Kf1 g6 24. Ke2 Kd6 25. Kd2 Re8 26. f3 h5 27.
Rc3 Bd7 28. h4 Rh8 29. Ng2 Re8 30. Re3 Rc8 31. Rc3 Re8 32. Nf4 Bb5 33. a3 Bd7
34. Re3 Rh8 35. Re5 Be6 36. Re3 Bd7 37. Re5 Be6 38. Re3 1/2-1/2

[Event "World Junior Chess Championship U18 g"]
[Site "Gaziantep"]
[Date "2008.08.06"]
[Round "5.7"]
[White "Nakhbayeva, Guliskhan"]
[Black "Muminova, Nafisa"]
[Result "1-0"]
[WhiteElo "2170"]
[BlackElo "2242"]
[PlyCount "127"]
[EventDate "2008.08.??"]
[EventType "swiss"]
[EventRounds "13"]
[EventCountry "TUR"]

1. d4 Nf6 2. c4 e6 3. Nc3 c5 4. d5 exd5 5. cxd5 d6 6. e4 g6 7. Be2 Bg7 8. Nf3
O-O 9. O-O Re8 10. Nd2 Nbd7 11. Qc2 Ne5 12. h3 Qe7 13. f4 Ned7 14. Bf3 Rb8 15.
Nc4 Nb6 16. Nxb6 axb6 17. a4 Bd7 18. Bd2 Rec8 19. Rae1 Ne8 20. Qb3 Qh4 21. e5
Bf5 22. Qxb6 Bh6 23. Be4 Bd7 24. Re2 Bg7 25. Bb1 dxe5 26. fxe5 Qd4+ 27. Be3
Qxe5 28. Bxc5 Qg5 29. Be7 Qh5 30. Qf2 f5 31. Ba2 Kh8 32. d6 Nf6 33. Rfe1 Bc6
34. Re6 Nd7 35. Nd5 Bxd5 36. Bxd5 Rc5 37. Bf3 Qh6 38. h4 Qf4 39. Bg5 Qc4 40. b3
Qc3 41. Re8+ Rxe8 42. Rxe8+ Bf8 43. Be3 Kg8 44. Bxc5 Nxc5 45. h5 Kf7 46. Re3
Qb4 47. hxg6+ hxg6 48. Bd5+ Kf6 49. Qb2+ Kg5 50. Qe5 Ne4 51. Rxe4 Qc5+ 52. Rd4
Bxd6 53. Qe3+ f4 54. Qf2 Qc1+ 55. Kh2 Bc5 56. Qd2 Qf1 57. Bf3 Bxd4 58. Qxd4 Qe1
59. Qd5+ Kh6 60. Qe4 Qh4+ 61. Kg1 b6 62. Bd1 Qf6 63. Bc2 Kg5 64. Qxg6+ 1-0

[Event "World Junior Chess Championship U18 g"]
[Site "Gaziantep"]
[Date "2008.08.06"]
[Round "5.8"]
[White "Yildiz, Betül Cemre"]
[Black "Nemcova, Katerina"]
[Result "0-1"]
[WhiteElo "2236"]
[BlackElo "2372"]
[PlyCount "162"]
[EventDate "2008.08.??"]
[EventType "swiss"]
[EventRounds "13"]
[EventCountry "TUR"]

1. e4 e5 2. Nf3 Nc6 3. d4 exd4 4. Nxd4 Nf6 5. Nxc6 bxc6 6. e5 Qe7 7. Qe2 Nd5 8.
c4 Ba6 9. b3 g6 10. g3 Bg7 11. Bb2 O-O 12. Bg2 Rae8 13. O-O Bxe5 14. Qxe5 Qxe5
15. Bxe5 Rxe5 16. cxd5 Bxf1 17. Kxf1 cxd5 18. Nc3 c6 19. Rd1 Rb8 20. Na4 Kf8
21. Nc5 Re7 22. Rd4 Rb5 23. Nd3 Re8 24. Ra4 Ra8 25. h4 Ke7 26. Ke2 Kd6 27. Kd2
Rbb8 28. Rf4 Rf8 29. Rf6+ Ke7 30. Rf4 Kd6 31. Rf6+ Ke7 32. Rf4 f6 33. Bh3 Kd6
34. Ra4 Rfe8 35. Rf4 Rf8 36. Ra4 Rfe8 37. Rf4 f5 38. Ra4 a5 39. Bg2 Kc7 40. Nf4
Kb6 41. Bf3 Re5 42. Nd3 Ree8 43. Nf4 d6 44. Bg2 Ra7 45. Bf3 Rb8 46. Bg2 Kc7 47.
Nd3 Kb6 48. Nf4 Rg7 49. Bf3 Re8 50. Nd3 Rge7 51. Rf4 Re6 52. Kc3 Rg8 53. Kd2
Ree8 54. Bg2 Rgf8 55. Nb2 h6 56. Na4+ Kc7 57. Nc3 g5 58. hxg5 hxg5 59. Ra4 Kb6
60. a3 Rh8 61. Bf3 Rh2 62. Nd1 Re5 63. b4 axb4 64. axb4 c5 65. Kd3 g4 66. Be2
Re8 67. bxc5+ dxc5 68. Ne3 Rxf2 69. Nxd5+ Kc6 70. Nf4 Kb5 71. Ra1 Rh2 72. Rb1+
Kc6 73. Rc1 Rd8+ 74. Ke3 Re8+ 75. Kd3 Re4 76. Bd1 Ra2 77. Bb3 Ra3 78. Rc3 Kd6
79. Kc2 Rd4 80. Ne6 Rxb3 81. Rxc5 Kxe6 0-1

[Event "World Junior Chess Championship U18 g"]
[Site "Gaziantep"]
[Date "2008.08.06"]
[Round "5.9"]
[White "Pertlova, Sona"]
[Black "Majdan, Joanna"]
[Result "1/2-1/2"]
[WhiteElo "2217"]
[BlackElo "2323"]
[PlyCount "81"]
[EventDate "2008.08.??"]
[EventType "swiss"]
[EventRounds "13"]
[EventCountry "TUR"]

1. d4 c5 2. d5 f5 3. c4 Nf6 4. Nf3 g6 5. g3 d6 6. Bg2 Bg7 7. O-O O-O 8. Nc3 Na6
9. Rb1 Nc7 10. b3 Bd7 11. Bb2 a6 12. Nd2 b5 13. e4 Ng4 14. Qe2 Nh6 15. exf5
Nxf5 16. Nf3 b4 17. Ne4 Ne8 18. Neg5 Bxb2 19. Ne6 Bxe6 20. Qxe6+ Kh8 21. Rxb2
Nf6 22. Re1 Ra7 23. Bh3 Ng7 24. Qe3 a5 25. Rbe2 a4 26. Kg2 axb3 27. axb3 Ng8
28. Qe4 Ra3 29. Re3 Rf6 30. R1e2 Qf8 31. Ng5 Nf5 32. Bxf5 Rxf5 33. Qh4 Qg7 34.
Ne6 Qf7 35. Ng5 Qg7 36. Ne6 Qf7 37. Nd8 Qf8 38. Ne6 Qf7 39. Nd8 Qf8 40. Ne6 Qf7
41. Nd8 1/2-1/2

[Event "World Junior Chess Championship U18 g"]
[Site "Gaziantep"]
[Date "2008.08.06"]
[Round "5.10"]
[White "Daulyte, Deimante"]
[Black "Nadig, Kruttika"]
[Result "0-1"]
[WhiteElo "2288"]
[BlackElo "2241"]
[PlyCount "136"]
[EventDate "2008.08.??"]
[EventType "swiss"]
[EventRounds "13"]
[EventCountry "TUR"]

1. e4 c5 2. Nf3 d6 3. d4 Nf6 4. Nc3 cxd4 5. Nxd4 a6 6. Bg5 e6 7. f4 Nbd7 8. Qe2
Qc7 9. O-O-O b5 10. a3 Bb7 11. g4 Be7 12. Bg2 Qc4 13. Qd2 b4 14. axb4 Qxb4 15.
e5 dxe5 16. Nc6 Bxc6 17. Bxc6 O-O-O 18. Qe2 Nc5 19. fxe5 Nd5 20. Bxe7 Nxe7 21.
Be4 Kc7 22. Rxd8 Rxd8 23. Re1 Rb8 24. Nd1 a5 25. Qe3 a4 26. Qc3 Qxc3 27. Nxc3
Rb4 28. h3 Nd7 29. Bg2 Kb6 30. Kd2 Ng6 31. Re4 Rxe4 32. Bxe4 Nf4 33. Ke3 Nxh3
34. Bg2 Nxe5 35. Bxh3 Nc4+ 36. Kd4 Nxb2 37. g5 Kc6 38. Bg4 a3 39. Be2 f6 40.
gxf6 gxf6 41. Bf3+ Kd7 42. Be2 f5 43. Ke5 Ke7 44. Bb5 h5 45. Na2 h4 46. Bf1 Na4
47. Kd4 Kd6 48. Kc4 e5 49. Kb4 Nc5 50. Kxa3 Ne4 51. Kb4 Ng3 52. Bg2 e4 53. c4
Ne2 54. Nc3 Nf4 55. Bxe4 fxe4 56. Nxe4+ Ke5 57. Nf2 Kd4 58. Kb5 Ke3 59. Ng4+
Kf3 60. Nh2+ Kg2 61. Ng4 Kg3 62. Ne3 h3 63. c5 Nd5 64. c6 Nxe3 65. c7 Nf5 66.
Kc5 Ne7 67. Kd6 Nc8+ 68. Kd7 Na7 0-1